<?xml version="1.0" encoding="UTF-8"?>
<marc:record xmlns:marc="http://www.loc.gov/MARC21/slim">
   <marc:leader>00000nam a2200000 a 4500</marc:leader>
   <marc:datafield ind1="1" ind2=" " tag="100">
      <marc:subfield code="a">Steffensmeier, Alexander</marc:subfield>
      <marc:subfield code="4">aut</marc:subfield>
      <marc:subfield code="e">Verfasser/-in</marc:subfield>
   </marc:datafield>
   <marc:datafield ind1=" " ind2=" " tag="653">
      <marc:subfield code="a">Erzählerische Bilderbücher</marc:subfield>
   </marc:datafield>
   <marc:datafield ind1="0" ind2="0" tag="245">
      <marc:subfield code="a">Lieselotte Weihnachtskuh</marc:subfield>
   </marc:datafield>
   <marc:datafield ind1="0" ind2="0" tag="245">
      <marc:subfield code="b">Vorlesespaß im Advent für Jungen und Mädchen ab 4 Jahre</marc:subfield>
   </marc:datafield>
   <marc:datafield ind1="0" ind2="0" tag="245">
      <marc:subfield code="c">Steffensmeier, Alexander</marc:subfield>
   </marc:datafield>
   <marc:datafield ind1=" " ind2="1" tag="264">
      <marc:subfield code="a">Frankfurt am Main</marc:subfield>
      <marc:subfield code="b">FISCHER Sauerländer</marc:subfield>
      <marc:subfield code="c">2021</marc:subfield>
   </marc:datafield>
   <marc:datafield ind1="1" ind2=" " tag="490">
      <marc:subfield code="a">Lieselotte</marc:subfield>
   </marc:datafield>
   <marc:datafield ind1=" " ind2=" " tag="250">
      <marc:subfield code="a">1. Auflage</marc:subfield>
   </marc:datafield>
   <marc:datafield ind1="1" ind2=" " tag="520">
      <marc:subfield code="a">Angaben aus der Verlagsmeldung &#xD;
&#xD;
 &#xD;
&#xD;
  Lieselotte Weihnachtskuh Steffensmeier, Lieselotte Weihnachtskuh / von Alexander Steffensmeier &#xD;
&#xD;
 &#xD;
Weihnachten mit Lieselotte &#xD;
Endlich war Heiligabend. Lieselotte und der Postbote wollten die letzten Pakete verteilen. Da entdeckte sie die Posttasche mit den Wunschzetteln. Die sollten doch längst beim Weihnachtsmann gewesen sein. Ach du meine Güte! Jetzt würde niemand auf dem Bauernhof Geschenke bekommen. Und sie war auch noch Schuld. Dann wollte Lieselotte eben die Weihnachtskuh sein und die Geschenke für ihre Freunde selber basteln. Sie hatte viele tolle Ideen, aber Lieselotte gelang keine der Basteleien. Sie war ganz verzweifelt. Was war das bloß für ein Weihnachten. Kein Schnee, keine Geschenke? Das hatte sie sich ganz anders vorgestellt. Aber auf Lieselottes Freunde ist Verlass und so feierten sie alle zusammen ein fröhliches und gemütliches Weihnachtsfest.&#xD;
Ein weihnachtliches Bilderbuchabenteuer mit Lieselotte und all ihren Freunden vom Bauernhof.</marc:subfield>
   </marc:datafield>
   <marc:datafield ind1=" " ind2=" " tag="020">
      <marc:subfield code="a">9783737358576</marc:subfield>
      <marc:subfield code="9">9783737358576</marc:subfield>
   </marc:datafield>
   <marc:datafield ind1=" " ind2=" " tag="020">
      <marc:subfield code="a">3737358575</marc:subfield>
      <marc:subfield code="9">3737358575</marc:subfield>
   </marc:datafield>
   <marc:datafield ind1=" " ind2=" " tag="041">
      <marc:subfield code="a">ger</marc:subfield>
   </marc:datafield>
   <marc:datafield ind1=" " ind2=" " tag="300">
      <marc:subfield code="b">37 farbige Abbildungen</marc:subfield>
   </marc:datafield>
   <marc:datafield ind1=" " ind2=" " tag="338">
      <marc:subfield code="a">Band</marc:subfield>
   </marc:datafield>
   <marc:datafield ind1=" " ind2=" " tag="300">
      <marc:subfield code="a">32 Seiten</marc:subfield>
   </marc:datafield>
</marc:record>
